000 00649nam a2200193Ia 4500
003 GCL
008 140319s9999 xx 000 0 ara d
040 _aGCL /
_cGCL
082 0 4 _a621.38
_bا ت
100 1 _aامين فهمى
245 1 0 _aتكنولوجيا الدوائر المتكاملة /
_cامين فهمى
260 _a[S.N] :
_bدار الراتب الجامعية
490 _aموسوعة عالم الالكترونيات
_v0
650 0 4 _aالكهرباء
650 0 4 _aالدوائر الالكترونية
650 0 4 _aالدوائر الكهربائية
650 0 4 _aالدوائر المتكاملة
942 _2ddc
_cBK
999 _c54328
_d54328